| 000 | 00636nam a22002657a 4500 | ||
|---|---|---|---|
| 003 | UA-OsUOA | ||
| 001 | 25058 | ||
| 007 | ta | ||
| 008 | 20040311b un ||||| |||| 00| 0 ukr d | ||
| 100 | _aГаврилова Н.А. | ||
| 700 | _aТюльпин А.Н. | ||
| 090 |
_a347.6 _bГ12 |
||
| 942 | _cBK | ||
| 040 |
_aUA-OsUOA _brus _cUA-OsUOA _dUA-OsUOA |
||
| 245 | _aЛюбовь, семья, долг | ||
| 300 | _a128 с. | ||
| 955 | _a2 | ||
| 041 | _arus | ||
| 080 | _a347.6 | ||
| 020 | _a5-268-00762-9 | ||
| 260 |
_aМосква _bСоветская Россия _c1988 |
||
| 044 | _aRU | ||
| 650 | 7 | _2UDC | |
| 999 |
_c311349 _d311349 |
||